Diseño de un esquema para la incorporación de consideraciones ambientales y de biodiversidad en el ciclo de toma de decisiones de planificación y desarrollo de megaproyectos sectoriales en Colombia (Registro nro. 6849)
[ vista simple ]
| 000 -CABECERA | |
|---|---|
| Campo de control | 01094nam a2200217 a 4500 |
| 005 - FECHA Y HORA DE LA ULTIMA TRANSACCION | |
| Campo de control | 20200602161526.0 |
| 008 - ELEMENTOS DE LONGITUD FIJA—INFORMACION GENERAL | |
| Campo de control | 140217b2009 ck ||||| |||| 00| 0 spa d |
| 040 ## - FUENTE DE CATALOGACIÓN | |
| Agencia catalogadora original | CO-BoIAVH |
| Agencia transcriptora | CO-BoIAVH |
| 041 ## - IDIOMA | |
| Código de idioma para texto/pista de sonido o título separado | Español |
| 044 ## - PAÍS DE PUBLICACIÓN | |
| País de publicación | Colombia |
| 090 ## - CLASIFICACIÓN LOCAL | |
| Colección | IAVH |
| Consecutivo | 01316 |
| 100 ## - ASIENTO PRINCIPAL--NOMBRE PERSONAL | |
| Nombre personal | Rincón B., Sofía A. |
| 245 ## - MENCION DE TITULO | |
| Título | Diseño de un esquema para la incorporación de consideraciones ambientales y de biodiversidad en el ciclo de toma de decisiones de planificación y desarrollo de megaproyectos sectoriales en Colombia |
| 260 ## - PUBLICACION, DISTRIBUCION, ETC. (PIE DE IMPRENTA) | |
| Lugar de publicación, distribución, etc. | Bogotá |
| Nombre del editor, distribuidor, etc. | IAVH |
| Fecha de publicación, distribución, etc. | 2009 |
| 300 ## - DESCRIPCION FISICA | |
| Extensión | 68 p. |
| 505 ## - NOTA DE CONTENIDO | |
| Nota de contenido | 1. Caracterización de los impactos directos, indirectos, sinérgicos y acumulativos de megaproyectos para los principales sectores económicos e infraestructura de impactos y construcción de matrices. 2. Documento de aportes a la construcción del marco conceptual del convenio: megaproyectos y sus impactos 3. Descripción de la base de datos de megaproyectos |
| 650 ## - ASIENTO SECUNDARIO DE MATERIA - TERMINO TEMATICO | |
| Término temático o nombre geográfico como elemento de entrada | Impacto ambiental |
| 650 ## - ASIENTO SECUNDARIO DE MATERIA - TERMINO TEMATICO | |
| Término temático o nombre geográfico como elemento de entrada | Conservación |
| 650 ## - ASIENTO SECUNDARIO DE MATERIA - TERMINO TEMATICO | |
| Término temático o nombre geográfico como elemento de entrada | Compensaciones ambientales |
| 942 ## - ELEMENTOS ADICIONALES (KOHA) | |
| Tipo de ítem | Libro |
| Sistema de clasificación | Local |
| Withdrawn status | Lost status | Sistema de Clasificación | Damaged status | No para préstamo | Colección | Ubicación Permanente | Ubicación actual | Total Checkouts | Número topográfico | Inventario / Código de Barras | Date last seen | Ejemplar | Price effective from | Tipo de material |
|---|---|---|---|---|---|---|---|---|---|---|---|---|---|---|
| Local | Humboldt | Bogotá | Bogotá | IAVH-01316 | 026901 | 04/12/2012 | Ej. 1 | 04/12/2012 | Informe Técnico |